<?xml version="1.0" encoding="UTF-8"?>
<record
    xmlns:xsi="http://www.w3.org/2001/XMLSchema-instance"
    xsi:schemaLocation="http://www.loc.gov/MARC21/slim http://www.loc.gov/standards/marcxml/schema/MARC21slim.xsd"
    xmlns="http://www.loc.gov/MARC21/slim">

  <leader>01103nam a22002777a 4500</leader>
  <controlfield tag="003">BI-BuBU</controlfield>
  <controlfield tag="008">100405t        fr ||||dr|||| 001 0dfre d</controlfield>
  <datafield tag="020" ind1=" " ind2=" ">
    <subfield code="a">9782908199277</subfield>
  </datafield>
  <datafield tag="020" ind1=" " ind2=" ">
    <subfield code="a">2908199270</subfield>
  </datafield>
  <datafield tag="039" ind1=" " ind2=" ">
    <subfield code="a">mgn</subfield>
  </datafield>
  <datafield tag="040" ind1=" " ind2=" ">
    <subfield code="a">BI-BuBU</subfield>
    <subfield code="b">fre</subfield>
    <subfield code="c">BI-BuBU</subfield>
  </datafield>
  <datafield tag="080" ind1=" " ind2=" ">
    <subfield code="a">347.44</subfield>
  </datafield>
  <datafield tag="110" ind1=" " ind2=" ">
    <subfield code="a">Commission pour le droit Europ&#xE9;en du contrat.conf&#xE9;rence technique</subfield>
    <subfield code="9">18532</subfield>
  </datafield>
  <datafield tag="245" ind1=" " ind2=" ">
    <subfield code="a">Principes du droit europ&#xE9;en du contrat</subfield>
    <subfield code="c">Georges Rouhette; avec le concours de Isabelle de lamberterie, denis Tallon, Claude Witz</subfield>
  </datafield>
  <datafield tag="260" ind1=" " ind2=" ">
    <subfield code="a">Paris</subfield>
    <subfield code="b">Soci&#xE9;t&#xE9;  de l&#xE9;gislation compar&#xE9;e et europ&#xE9;en</subfield>
    <subfield code="c">2003</subfield>
  </datafield>
  <datafield tag="300" ind1=" " ind2=" ">
    <subfield code="a">655 p.</subfield>
    <subfield code="b">couv. ill. en coul.</subfield>
    <subfield code="c">24 cm.</subfield>
  </datafield>
  <datafield tag="440" ind1=" " ind2="0">
    <subfield code="a">Droit priv&#xE9; compar&#xE9; et europ&#xE9;en</subfield>
    <subfield code="p">vol.2</subfield>
    <subfield code="x">17612632</subfield>
    <subfield code="9">18533</subfield>
  </datafield>
  <datafield tag="504" ind1=" " ind2=" ">
    <subfield code="a">Bibliogr. Index</subfield>
  </datafield>
  <datafield tag="650" ind1=" " ind2="7">
    <subfield code="2">BI-BuBU</subfield>
    <subfield code="a">Droit du contrat. principe</subfield>
    <subfield code="z">Europe</subfield>
    <subfield code="9">18534</subfield>
  </datafield>
  <datafield tag="700" ind1=" " ind2=" ">
    <subfield code="4">trl</subfield>
    <subfield code="a">Rouhette, georges</subfield>
    <subfield code="9">18535</subfield>
  </datafield>
  <datafield tag="700" ind1=" " ind2=" ">
    <subfield code="4">clb</subfield>
    <subfield code="a">Lamberterie, Isabelle de</subfield>
    <subfield code="9">18536</subfield>
  </datafield>
  <datafield tag="700" ind1=" " ind2=" ">
    <subfield code="4">clb</subfield>
    <subfield code="a">Tallon,Denis</subfield>
    <subfield code="9">18537</subfield>
  </datafield>
  <datafield tag="942" ind1=" " ind2=" ">
    <subfield code="2">ddc</subfield>
    <subfield code="c">BK</subfield>
  </datafield>
  <datafield tag="999" ind1=" " ind2=" ">
    <subfield code="c">5038</subfield>
    <subfield code="d">5038</subfield>
  </datafield>
  <datafield tag="952" ind1=" " ind2=" ">
    <subfield code="0">0</subfield>
    <subfield code="1">0</subfield>
    <subfield code="2">udc</subfield>
    <subfield code="4">0</subfield>
    <subfield code="7">0</subfield>
    <subfield code="9">6436</subfield>
    <subfield code="a">BC</subfield>
    <subfield code="b">BC</subfield>
    <subfield code="d">2010-04-05</subfield>
    <subfield code="l">0</subfield>
    <subfield code="o">347.44 PRI.</subfield>
    <subfield code="p">5010000083601</subfield>
    <subfield code="r">2010-04-05</subfield>
    <subfield code="t">1</subfield>
    <subfield code="w">2010-04-05</subfield>
    <subfield code="y">BK</subfield>
  </datafield>
</record>
